Normal view
MARC view
Entry Personal Name
001 - CONTROL NUMBER
- control field: 14149
003 - CONTROL NUMBER IDENTIFIER
- control field: dpl
005 - DATE AND TIME OF LATEST TRANSACTION
- control field: 20100816161243.0
008 - FIXED-LENGTH DATA ELEMENTS
- fixed length control field: 100816|||a|||||| | ||| d
040 ## - CATALOGING SOURCE
- Original cataloging agency: dpl
- Transcribing agency: dpl
100 ## - HEADING--PERSONAL NAME
- Personal name: Gill, Kulbir Singh
670 ## - SOURCE DATA FOUND
- Source citation: Work cat.: (dpl): Civil Engineering: Meeting the Challenges of Tomorrow (24th-25th November: Ludhiana) 14145, Proceedings of National conference civil engineering :, 2006
670 ## - SOURCE DATA FOUND
- Source citation: Work cat.: (dpl): Civil Engineering: Meeting the Challenges of Tomorrow (24th-25th November: Ludhiana) 14145, Proceedings of National conference civil engineering :, 2006
